00422 2200169 4500001002100000005001500021008004100036020002200077035001900099041000700118082001000125090001600135100001300151245002800164260003200192300002800224INLIS00000000000009020241224112120241224||||||||| | ||| |||| || |  a978-979-518-707-3 0010-1224000090 aid0 a371.2 a371.2 DAR a0 adaryanto00aAdministrasi Pendidikan aJakartabRineka Ciptac2014 aviii, 210 hlm.; 20,5 cm